Les clubs les plus titrés de l'histoire - Statistiques

Statistiques générales
  • Ce quiz a été pris 339 fois
  • Le résultat moyen est 3 sur 10
Statistiques - réponses
Hint Réponse Trophées % Correct
7 Réal Madrid 91
100%
6 Barcelone 94
86%
9 Porto 76
34%
8 Benfica 84
32%
5 Celtic 108
32%
2 Rangers FC 115
24%
10 Olympiakos 75
8%
1 Al Ahly 120
6%
4 Peñarol 108
2%
3 Nacional 114
1%
Aucun quiz correspondant
Distribution des résultats
% des personnes avec chaque résultat
Percentile par nombre de réponses
Votre historique - résultats
Vous n’avez pas pris ce quiz